| 000 | 00724nas a2200241 4500 | ||
|---|---|---|---|
| 001 | BR9904387 | ||
| 003 | BR-BrBNA | ||
| 005 | 20231205101547.0 | ||
| 007 | ta | ||
| 008 | 230509b bl.|||p| |||| 00| 00por d | ||
| 040 |
_aBR-BrBNA _bpor _cBiblioteca Nacional de Agricultura |
||
| 041 | _a(Pt) | ||
| 072 | _aK50 | ||
| 100 | 1 | _aPereira, J.C.D. | |
| 245 | 1 | _aUm metodo alternativo para a determinacao do peso seco de amostras de madeira | |
| 650 | _aMadeira | ||
| 650 | _aPeso | ||
| 650 | _aTeor de Umidade | ||
| 650 | _aAmostragem | ||
| 773 | 0 |
_tBoletim de Pesquisa Florestal (Brazil) _xISSN 0101-1057 _g(Jul-Dec 1997), (no. 35) p. 59-65 _wBR9904387 |
|
| 909 |
_a202311 _bLúcia _c55 _dLúcia Elande |
||
| 942 |
_2AGRIS _n0 _cANA |
||
| 999 |
_c162535 _d162535 |
||